[Event "Ricany op-B"]
[Site "Ricany"]
[Date "2008.08.29"]
[Round "8"]
[White "Krejci, Michal"]
[Black "Hatas, Radim"]
[Result "1/2-1/2"]
[WhiteElo "1438"]
[BlackElo "1564"]
[PlyCount "41"]
[EventDate "2008.08.23"]
[EventType "swiss"]
[EventRounds "9"]
[EventCountry "CZE"]
[SourceTitle "CBM 126 Extra"]
[Source "ChessBase"]
[SourceDate "2008.11.05"]
[SourceVersion "1"]
[SourceVersionDate "2008.11.05"]
[SourceQuality "1"]

1. e4 d5 2. exd5 Qxd5 3. Nc3 Qa5 4. d4 Nf6 5. Bd2 c6 6. Nf3 Bg4 7. Be2 e6 8. Ne5 Bxe2 9. Qxe2 Nbd7 10. f4 Bb4 11. a3 Nxe5 12. fxe5 Nd5 13. Ne4 Bxd2+ 14. Qxd2 Qxd2+ 15. Kxd2 0-0 16. g4 f6 17. exf6 Nxf6 18. Nxf6+ Rxf6 19. Raf1 Raf8 20. Rxf6 Rxf6 21. Ke3 1/2-1/2